000 01042nam a2200349 4500
001 1918420
003 DO-SdBPM
005 20251117104938.0
007 ta
008 040210s2003 sp | ||| ||spa
017 _a
_b
020 _a 8434027300
_z
035 _a
040 _aDO-SdBPM
_bspa
_cBPMSU
_e rda
041 1 _aspa
_h
082 4 _a 853.91
_bM417c 2003
_222
100 1 _aManfredi, Valerio Massimo
_d1943-
_eautor
_4aut.
240 1 3 _aIl cavaliere invisibile
_lEspañol
245 1 3 _aEl caballero invisible /
_cValerio Massimo Manfredi ; traducción de José Ramón Monreal
_h
260 _b
_c
264 _aBarcelona
_bDebolsillo
_c2003
300 _a92 páginas ;
_c22 cm
336 _atexto
_btxt
_2rdacontent
337 _asin mediación
_bn
_2rdamedia
338 _avolumen
_bnc
_2rdacarrier
490 0 _aBestseller
590 _ainventariado, 2025/VM
650 7 _aNovela ilataliana
700 1 _a Monreal, Ramón
_dtraducción
910 _aVMateo V. Control de caldada. BPMSU
942 _2ddc
_cBK
999 _c9457
_d9457